000
00409nam a2200205Ia 4500
003
IT-RoPAU
008
120407s9999 xx 000 0 und d
040
_a
IT-RoPAU
040
_c
IT-RoPAU
041
_a
ita
100
_a
John Gay
245
_a
L’opera del mendicante.
250
_a
Milano
260
_a
Rizzoli
300
_c
cm
490
_a
BUR
490
_v
1
942
_c
BK
999
_c
14207
_d
14207